01400nam a2200325 a 450000500170000000800410001702000180005804100080007609200200008410000250010424500390012925000110016826000520017930000160023150001010024759000480034865301070039665300270050365300320053065300260056265300940058865300350068265300310071765300260074865300510077470000230082594200120084899900150086095201990087520250704153704.0100906t2010||||sp a f |||| 001 0 spa d a9788498352481 aspa c610.03l74sRIB1 aRibes, Ramón.9633 aInglés médico /cRamón Ribes a1a ed. aMadrid: bEditorial Médica Panamerica;c2010. a207 p.bil. aRibes, R. y Ros, P. (2010). Inglés médico. (1a ed.). Madrid : Editorial Médica Panamerica. aDonación María Paula Vitale, Julio 2025 aComprensión lectora,comprensión auditiva, expresión oral y expresión escrita. Autoevaluación aGramática práctica aBibliografía científica aConferencias y cursos aAlgunos de los errores más frecuentes cometidos por los médicos al hablar en inglés aTerminología latina y griega aAcrónimos y abreviaturas aLa historia clínica aGuía de supervivencia para la conversación1 aRos, Pablo R.9634 2ddccBK c3275d3275 00102ddc4070aBFMbBFMcCRd2025-07-04eDonación María Paula Vitale, Julio 2025.l0o610.03 74 RIBp5042r2025-07-04tEj. 1w2025-07-04yBKzDonación María Paula Vitale, Julio 2025.f